Study on management of acacia plantation in meanok area of sammaki meanchey district kampong chhnang province, សិក្សាការគ្រប់គ្រងចំការអាកាស្យានៅតំបន់មា​ នក​​​​​​​​ស្រុកសាមគ្គីមានជ័យ ខេត្តកំពង់ឆ្នាំង (Record no. 4416)

000 -LEADER
fixed length control field 00733nam a22001577a 4500
003 - CONTROL NUMBER IDENTIFIER
control field OSt
005 - DATE AND TIME OF LATEST TRANSACTION
control field 20151212081410.0
008 - FIXED-LENGTH DATA ELEMENTS--GENERAL INFORMATION
fixed length control field 151212b xxu||||| |||| 00| 0 eng d
040 ## - CATALOGING SOURCE
Transcribing agency RUA
082 ## - DEWEY DECIMAL CLASSIFICATION NUMBER
Classification number ATM.s VA 2004 B203 Or.1
100 ## - MAIN ENTRY--PERSONAL NAME
9 (RLIN) 4739
Personal name VA, PHAVY.
245 ## - TITLE STATEMENT
Title Study on management of acacia plantation in meanok area of sammaki meanchey district kampong chhnang province, សិក្សាការគ្រប់គ្រងចំការអាកាស្យានៅតំបន់មា​ នក​​​​​​​​ស្រុកសាមគ្គីមានជ័យ ខេត្តកំពង់ឆ្នាំង
260 ## - PUBLICATION, DISTRIBUTION, ETC. (IMPRINT)
Place of publication, distribution, etc. Phnom Penh
Name of publisher, distributor, etc. RUA
Date of publication, distribution, etc. 2004
300 ## - PHYSICAL DESCRIPTION
Extent vii; 41p.
Other physical details ill.
Dimensions 29cm.
942 ## - ADDED ENTRY ELEMENTS (KOHA)
Source of classification or shelving scheme
Koha item type ATM.s
Holdings
Price effective from Date last seen Permanent Location Not for loan Date acquired Source of classification or shelving scheme Koha item type Barcode Lost status Damaged status Shelving location Withdrawn status Current Location Full call number
2015-12-122015-12-12Library Block B 2015-12-12 ATM.sRUA033815  B203 Library Block BATM.s VA 2004 B203 Or.1
2015-12-122015-12-12Library Block B 2015-12-12 ATM.sRUA033688  B203 Library Block BATM.s VA 2004 B203 Or.2
2015-12-122015-12-12Library Block B 2015-12-12 ATM.sRUA033676  B203 Library Block BATM.s VA 2004 B203 Or.3
2015-12-122015-12-12Library Block B 2015-12-12 ATM.sRUA033865  B203 Library Block BATM.s VA 2004 B203 Or.4
2015-12-122015-12-12Library Block B 2015-12-12 ATM.sRUA039140  B203 Library Block BATM.s VA 2004 B203 Or.5
2015-12-122015-12-12Library Block B 2015-12-12 ATM.sRUA038792  B203 Library Block BATM.s VA 2004 B203 Or.6
2015-12-122015-12-12Library Block B 2015-12-12 ATM.sRUA038009  B203 Library Block BATM.s VA 2004 B203 Or.7
2015-12-122015-12-12Library Block B 2015-12-12 ATM.sRUA038196  B203 Library Block BATM.s VA 2004 B203 Or.8
2015-12-122015-12-12Library Block B 2015-12-12 ATM.sRUA038663  B203 Library Block BATM.s VA 2004 B203 Or.9
2015-12-122015-12-12Library Block B 2015-12-12 ATM.sRUA038369  B203 Library Block BATM.s VA 2004 B203 Or.10
មជ្ឈមណ្ឌលឯការនៃសាកលវិទ្យាល័យភូមិន្ទកសិកម្មចំការដូង

Powered by Koha